| 000 | 01972nam a22002417a 4500 | ||
|---|---|---|---|
| 999 |
_c63681 _d63681 |
||
| 003 | Ge_BSU | ||
| 005 | 20251208162148.0 | ||
| 008 | 251208s2022 ge ||||| |||| 00| 0 geo d | ||
| 020 | _a9789941977770 | ||
| 041 | _ageo | ||
| 080 | _a02-055.2(479.22) ჯ-14 | ||
| 100 |
_aჯავახიშვილი, კატო _926388 |
||
| 245 |
_aქალები ბიბლიოთეკიდან = Women from the Library : _b [ალბომი] / _cალბომზე მუშაობდნენ: კატო ჯავახიშვილი, სალომე ჭანტურიძე, მირიან ხოსიტაშვილი, მარინა ჭყონია. |
||
| 264 |
_aთბილისი : _bსაქართველოს პარლამენტის ეროვნული ბიბლიოთეკა, _c2022. |
||
| 300 |
_a84 გვ. : _bფოტ. ; _c28 სმ. |
||
| 500 | _aგარეკანზე: ქართველთა შორის წერა-კითხვის გამავრცელებელი საზოგადოების ბიბლიოთეკის წესი. დოკუმენტი დაცულია საქართველოს ეროვნულ არქივში. თავფურცელი, გარეკანი და ტექსტი ქართულ და ინგლისურ ენებზე. | ||
| 653 | _aქართველი ბიბლიოთეკარი ქალები. | ||
| 700 |
_aჭანტურიძე, სალომე _eშემდგენელი _914483 |
||
| 700 |
_aხოსიტაშვილი, მირიან _e შემდგენელი _926389 |
||
| 700 |
_aჭყონია, მარინა _eშემდგენელი _95670 |
||
| 700 |
_aJavakhishvili, Kato _eშემდგენელი _926390 |
||
| 942 |
_2udc _cᲬᲘᲒᲜᲘ |
||